| Tag |
First Indicator |
Second Indicator |
Subfields |
| LEADER |
00000cam a2200000 4500 |
| 001 |
in00000041946 |
| 005 |
20151007064831.0 |
| 008 |
800524s1923 ilu 00010 eng |
| 010 |
|
|
|a 24019003
|
| 035 |
|
|
|a (OCoLC)06354792
|
| 035 |
|
|
|9 AAE0719AM
|
| 040 |
|
|
|a DLC
|c TXA
|d UtOrBLW
|
| 049 |
|
|
|a TXAM
|
| 050 |
|
0 |
|a SF240
|b .E7
|
| 092 |
|
|
|a 338.177
|b E66h
|
| 100 |
1 |
|
|a Erdman, Henry Ernest,
|d 1884-
|
| 245 |
1 |
0 |
|a How to reduce the costs of marketing manufactured dairy products /
|c by H. E. Erdman; marketing dairy products, lesson 18 ...
|
| 264 |
|
1 |
|a Chicago :
|b The American institute of agriculture,
|c [1923]
|
| 264 |
|
4 |
|c ©1923
|
| 300 |
|
|
|a 26 pages ;
|c 23 cm.
|
| 336 |
|
|
|a text
|b txt
|2 rdacontent
|
| 337 |
|
|
|a unmediated
|b n
|2 rdamedia
|
| 338 |
|
|
|a volume
|b nc
|2 rdacarrier
|
| 500 |
|
|
|a Cover-title.
|
| 500 |
|
|
|a "Confidential edition issued for members."
|
| 650 |
|
0 |
|a Dairy products.
|
| 710 |
2 |
|
|a American Institute of Agriculture, Chicago.
|
| 999 |
|
|
|a MARS
|
| 999 |
f |
f |
|s ab41f292-18cc-3147-892f-a1ed7820c136
|i 5803f411-59d5-3f06-b88d-bd43f58a49b3
|t 0
|
| 952 |
f |
f |
|p ric
|a Texas A&M University
|b Rellis Campus
|c Joint Library Facility
|d Remote Storage
|t 0
|e SF240 .E7
|h Library of Congress classification
|i unmediated -- volume
|m A14800761491
|
| 998 |
f |
f |
|a SF240 .E7
|t 0
|l Remote Storage
|